| 000 | 01243cam a2200241 4500 | ||
|---|---|---|---|
| 001 | ##L136065 | ||
| 008 | 070108n2006 000 0 eng u | ||
| 020 | _a0755983938 | ||
| 035 | _a(Sirsi) u136065 | ||
| 041 | 0 | _aeng | |
| 050 | 0 | 4 | _a333.72 $2 18 |
| 100 | 1 | _aHinchliffe, Stephen | |
| 245 | 0 | 0 |
_aScottish house condition survey _benergy efficiency and estimated emissions from the Scottish housing stock 2003-04 |
| 260 |
_a[S.l.] _bScottish Executive _c2006 |
||
| 520 | _aProvides a detailed analysis of the energy efficiency of the Scottish housing stock, including the associated modelled level of emissions of carbon dioxide, sulphurous oxides and nitrogen oxides. Reveals that 40% of dwellings rated good on the National Home Energy Rating scale in 2003-04, compared to 31% in 2002. In addition, 71% of dwellings built since 1982 achieved a good rating. | ||
| 590 | _aKA | ||
| 650 | 2 | 4 | _aNATIONAL HOME ENERGY RATING |
| 651 | 4 |
_aScotland _y1999- |
|
| 690 | _aENVIRONMENTAL AND LAND CONSULTANCY-ENERGY-ENERGY USE-ENERGY EFFICIENCY | ||
| 710 | 1 |
_aScotland _bScottish Executive _94769 |
|
| 856 | 4 | 0 |
_uhttps://www.scotland.gov.uk/Publications/2006/12/18132350/0 _zView the report free of charge at www.scotland.gov.uk... |
| 942 | _n0 | ||
| 999 |
_c106303 _d106303 |
||